[Event "CUB-ch (Women)"]
[Site "Pinar del Rio"]
[Date "2024.02.17"]
[Round "10"]
[White "Venzant Batista, Marcia Camila"]
[Black "Rodriguez Rivero, Jinela De Cari"]
[Result "1/2-1/2"]
[WhiteElo "1974"]
[BlackElo "2011"]
[PlyCount "122"]
[EventDate "2024.02.08"]
[EventType "swiss"]
[EventRounds "10"]
[EventCountry "CUB"]
[SourceTitle "CB08_2024"]
[SourceDate "2024.02.21"]
[SourceVersion "1"]
[SourceVersionDate "2024.02.21"]
[SourceQuality "1"]

1. e4 e5 2. Nf3 Nc6 3. Bb5 a6 4. Ba4 Nf6 5. Qe2 b5 6. Bb3 Be7 7. a4 b4 8. d4 d5 9. exd5 Nxd4 10. Nxd4 exd4 11. Bg5 0-0 12. Nd2 Bb7 13. 0-0-0 Qd7 14. Bxf6 Bxf6 15. Ne4 Qf5 16. Nxf6+ Qxf6 17. Qc4 Rad8 18. Qxd4 Qd6 19. Rhe1 Rfe8 20. Re3 Rxe3 21. Qxe3 h6 22. h4 Kf8 23. Qe4 Kg8 24. Rd3 a5 25. g3 Qd7 26. Re3 c6 27. Qe7 cxd5 28. Qxd7 Rxd7 29. Kd2 Kf8 30. Kd3 Rd6 31. Kd4 Rf6 32. f4 Rc6 33. Re5 Rc7 34. g4 g6 35. g5 hxg5 36. hxg5 Bc6 37. Kc5 Bxa4+ 38. Kb6 Bxb3 39. Kxc7 Bxc2 40. Rxd5 a4 41. Rb5 a3 42. bxa3 bxa3 43. Ra5 Kg7 44. Kd6 Bb3 45. Rxa3 Be6 46. Ke5 Bf5 47. Ra6 Bd3 48. Rf6 Bc2 49. Kd6 Kf8 50. Kd7 Ba4+ 51. Kd8 Bc2 52. Rc6 Be4 53. Rc5 Kg7 54. Ke8 Bd3 55. Re5 Bc2 56. Re2 Ba4+ 57. Ke7 Bb5 58. Re3 Bc4 59. Re4 Bb3 60. Re2 Bc4 61. Re5 Bd3 1/2-1/2

[Event "CUB-ch U18 Girls"]
[Site "Pinar del Rio"]
[Date "2019.07.03"]
[Round "9"]
[White "Vieites Santana, Daniela Ines"]
[Black "Venzant Batista, Marcia Camila"]
[Result "0-1"]
[WhiteElo "1828"]
[BlackElo "1940"]
[PlyCount "104"]
[EventDate "2019.06.28"]
[EventType "swiss"]
[EventRounds "9"]
[EventCountry "CUB"]
[SourceTitle "CBM 195 Extra"]
[Source "ChessBase"]
[SourceDate "2020.05.31"]
[SourceVersion "1"]
[SourceVersionDate "2020.05.31"]
[SourceQuality "1"]

1. e4 e6 2. d4 d5 3. Nd2 c5 4. c3 Nc6 5. Ngf3 Nf6 6. e5 Nd7 7. Bb5 Qb6 8. Bxc6 bxc6 9. 0-0 Ba6 10. Re1 cxd4 11. Nxd4 Be7 12. Nf1 c5 13. Nf3 0-0 14. Ng3 Rad8 15. Ng5 h6 16. Nh3 d4 17. cxd4 cxd4 18. Nh5 f5 19. Qf3 Rf7 20. Qg3 Kh7 21. N3f4 Nf8 22. Nd3 Qa5 23. Rd1 Bxd3 24. Qxd3 Qxe5 25. Bf4 Qd5 26. Rac1 e5 27. Bd2 Ne6 28. Qa6 Bc5 29. b4 Bb6 30. a4 Nc7 31. Qe2 d3 32. Qe1 Bd4 33. Be3 e4 34. Nf4 Qe5 35. Bxd4 Qxd4 36. Qd2 Rd6 37. Rc5 Ne6 38. Qa2 Qf6 39. Nd5 Qg6 40. Rc8 Rf8 41. Ne7 Qf7 42. Rxf8 Qxf8 43. Nd5 Qd8 44. Ne3 Nd4 45. Qf7 Qd7 46. Qf8 Rf6 47. Qa8 Qxa4 48. Qd5 Qxb4 49. Qd8 Ne2+ 50. Kf1 Nc3 51. Nd5 Nxd5 52. Qxd5 Qd6 0-1

[Event "CUB-ch U18 Girls"]
[Site "San Nicolas de Bari"]
[Date "2018.06.13"]
[Round "1"]
[White "Venzant Batista, Marcia Camila"]
[Black "Macuran Rodriguez, Rosmary"]
[Result "1-0"]
[WhiteElo "1942"]
[BlackElo "1703"]
[PlyCount "155"]
[EventDate "2018.06.13"]
[EventType "swiss"]
[EventRounds "9"]
[EventCountry "CUB"]
[SourceTitle "EXT 2021"]
[Source "ChessBase"]
[SourceDate "2020.10.23"]
[SourceVersion "1"]
[SourceVersionDate "2020.10.23"]
[SourceQuality "1"]

1. e4 c5 2. Nf3 d6 3. d4 cxd4 4. Nxd4 Nf6 5. Nc3 a6 6. a4 e5 7. Nf3 Nc6 8. Bc4 Be7 9. 0-0 Bg4 10. Be3 Rc8 11. Bb3 0-0 12. h3 Bh5 13. g4 Bg6 14. Nd2 Nd4 15. Bxd4 exd4 16. Nd5 Nxd5 17. Bxd5 Qc7 18. Rc1 h6 19. Nb3 Bg5 20. f4 Bf6 21. Qd3 Rfe8 22. Rf2 Bh4 23. Rg2 Bf6 24. Rh2 Bh7 25. h4 Bd8 26. g5 h5 27. f5 Kf8 28. Qd1 g6 29. f6 Re5 30. Qxd4 Qd7 31. Qd2 Bb6+ 32. Kh1 Rd8 33. a5 Ba7 34. Qg2 Qb5 35. Rh3 Rc8 36. c4 Qd7 37. Nd2 b5 38. axb6 Bxb6 39. Rb3 Qc7 40. Ra1 a5 41. Rba3 Ree8 42. Nb3 Rb8 43. Nxa5 Bc5 44. Rd3 Rec8 45. Nb3 Ba7 46. Nd4 Bc5 47. Nb5 Qb6 48. Ra7 Bg8 49. Qh3 Qd8 50. Rd7 Qa5 51. Rd1 Qa4 52. Rf1 Qb4 53. Rb7 Qxb2 54. Qd7 Qe5 55. Qe7+ Qxe7 56. Rxe7 Rb6 57. Ra1 Rbb8 58. Ra6 Rd8 59. Rc6 Rbc8 60. Rxc8 Rxc8 61. Rd7 Bf2 62. Nxd6 Rb8 63. Bxf7 Bxh4 64. Bxg8 Kxg8 65. Rg7+ Kf8 66. Rxg6 Bg3 67. Nf5 Be5 68. Rh6 Rb1+ 69. Kg2 Rb2+ 70. Kf3 Rb3+ 71. Ke2 Rb2+ 72. Kd3 Rb3+ 73. Kd2 Bf4+ 74. Kc2 Rb4 75. Rh8+ Kf7 76. Nh6+ Kg6 77. Rg8+ Kh7 78. Rg7+ 1-0

[Event "Guillermo Garcia Memorial op 27th"]
[Site "Santa Clara"]
[Date "2018.05.22"]
[Round "1"]
[White "Venzant Batista, Marcia Camila"]
[Black "Elias Reyes, Jorge Roberto"]
[Result "0-1"]
[WhiteElo "2027"]
[BlackElo "2300"]
[PlyCount "80"]
[EventDate "2018.05.22"]
[EventType "swiss"]
[EventRounds "9"]
[EventCountry "CUB"]
[SourceTitle "CBM 184 Extra"]
[Source "ChessBase"]
[SourceDate "2018.06.28"]
[SourceVersion "1"]
[SourceVersionDate "2018.06.28"]
[SourceQuality "1"]

1. e4 c5 2. Nf3 d6 3. d4 cxd4 4. Nxd4 Nf6 5. Nc3 a6 6. a4 e6 7. Bd3 Nc6 8. Nb3 b6 9. 0-0 Be7 10. f4 Bb7 11. Qf3 Qc7 12. Be3 0-0 13. Qh3 Nb4 14. a5 b5 15. Bb6 Qb8 16. Rae1 Nd7 17. Bf2 Nc5 18. Nd2 Qc7 19. Re3 Rfe8 20. Qg4 Bf8 21. Rh3 Qxa5 22. Qh5 h6 23. Rg3 Nbxd3 24. cxd3 b4 25. Nc4 Qc7 26. Bxc5 Qxc5+ 27. Qxc5 dxc5 28. Na4 Bc6 29. Nab6 Rab8 30. Ra1 Bb5 31. Rf3 Be7 32. b3 Red8 33. Kf2 Rd4 34. Ke2 Rbd8 35. Nb2 Rxe4+ 36. Kf2 Red4 37. N6c4 Bc6 38. Re3 Rxf4+ 39. Kg1 Bf6 40. g3 Rxc4 0-1